Loading...
| Painting/Sculpture | 0 | 7 | 1 | 1 | 65 | 72 | 95.57 | 0 | 0 |
| History - World History | 0 | 5 | 0 | 1 | 50 | 13 | 43.40 | 3 | 3 |
| History - European History | 0 | 4 | 0 | 2 | 40 | 60 | 94.00 | 0 | 0 |
| Science - Chemistry | 0 | 4 | 1 | 0 | 35 | 17 | 49.00 | 1 | 1 |
| Religion | 0 | 3 | 0 | 1 | 30 | 88 | 97.00 | 0 | 0 |
| History - American History | 0 | 3 | 0 | 0 | 30 | 87 | 87.33 | 0 | 1 |
| Fine Arts - Classical Music | 0 | 4 | 2 | 0 | 30 | 74 | 82.75 | 0 | 3 |
| Fine Arts - Other Fine Arts | 0 | 4 | 2 | 1 | 30 | 29 | 67.00 | 1 | 3 |
| Literature - European Literature | 0 | 3 | 0 | 0 | 30 | 95 | 103.67 | 0 | 0 |
| Social Science | 0 | 3 | 1 | 0 | 25 | 54 | 72.33 | 0 | 1 |
| Philosophy | 0 | 3 | 1 | 0 | 25 | 31 | 67.33 | 0 | 1 |
| Literature - British Literature | 0 | 2 | 0 | 0 | 20 | 93 | 100.00 | 0 | 0 |
| Literature - American Literature | 0 | 2 | 0 | 0 | 20 | 80 | 87.50 | 0 | 1 |
| History - Other History | 0 | 2 | 0 | 0 | 20 | 33 | 48.00 | 0 | 2 |
| Geography | 0 | 2 | 1 | 1 | 15 | 84 | 94.50 | 0 | 0 |
| Science - Physics | 0 | 2 | 1 | 0 | 15 | 33 | 34.00 | 0 | 2 |
| Current Events | 0 | 2 | 2 | 1 | 10 | 47 | 63.50 | 0 | 0 |
| Science - Other Science | 0 | 1 | 0 | 0 | 10 | 32 | 32.00 | 1 | 1 |
| Science - Biology | 0 | 1 | 1 | 0 | 5 | 68 | 68.00 | 0 | 0 |
| Literature - World Literature | 0 | 1 | 1 | 0 | 5 | 106 | 106.00 | 0 | 0 |
| Mythology | 0 | 0 | 2 | 0 | -10 | 0.00 | 0 | 0 |